Statistics for Mega Man Bosses

Click here to take the quiz!

General Stats

  • This quiz has been taken 203 times
  • The average score is 35 of 54

Answer Stats

% Correct
Fire Man
92%
Ice Man
91%
Wood Man
89%
Elec Man
88%
Cut Man
84%
Guts Man
84%
Metal Man
83%
Air Man
82%
Bubble Man
79%
Bomb Man
78%
Heat Man
78%
Snake Man
78%
Crash Man
76%
Flash Man
76%
Quick Man
76%
Top Man
72%
Gemini Man
71%
Flame Man
70%
Skull Man
70%
Spark Man
69%
Wind Man
69%
Hard Man
68%
Needle Man
68%
Shadow Man
68%
Toad Man
68%
Dive Man
61%
Dust Man
61%
Magnet Man
61%
Pharaoh Man
61%
Plant Man
61%
Knight Man
60%
Charge Man
58%
Blizzard Man
57%
Centaur Man
57%
Star Man
57%
Wave Man
57%
Napalm Man
56%
Tomahawk Man
56%
Yamato Man
56%
Drill Man
55%
Gyro Man
55%
Ring Man
55%
Slash Man
55%
Stone Man
55%
Bright Man
54%
Gravity Man
54%
Crystal Man
53%
Freeze Man
51%
Junk Man
51%
Shade Man
51%
Turbo Man
51%
Cloud Man
49%
Burst Man
46%
Spring Man
45%

Score Distribution

Percentile by Number Answered

Percent of People with Each Score

Your Score History

You have not taken this quiz